[Event "GER-chT U10"]
[White "Iyengar, Sriram"]
[Black "Lesser, Luan"]
[Site "Magdeburg"]
[Round "7.3"]
[Result "1-0"]
[Date "2015.12.29"]
[WhiteElo "947"]
[BlackElo "800"]
[PlyCount "95"]
[EventDate "2015.12.27"]
[EventType "team-swiss"]
[EventRounds "7"]
[EventCountry "GER"]
[SourceTitle "EXT 2017"]
[Source "ChessBase"]
[SourceDate "2016.10.25"]
[SourceVersion "1"]
[SourceVersionDate "2016.10.25"]
[SourceQuality "1"]
[WhiteTeam "Biberach"]
[BlackTeam "Goettingen Rochade II"]
[WhiteTeamCountry "GER"]
[BlackTeamCountry "GER"]

1. e4 e5 2. Nf3 Nc6 3. Nc3 Nf6 4. Bc4 Nxe4 5. Nxe4 d5 6. Nc3 dxc4 7. 0-0 Bg4 8. h3 Bh5 9. d3 Bd6 10. dxc4 e4 11. Nxe4 Be7 12. Qxd8+ Rxd8 13. Bf4 Rd4 14. Nxd4 Nxd4 15. Rac1 Ne2+ 16. Kh1 Nxc1 17. Rxc1 h6 18. Bxc7 f5 19. Ng3 Bg5 20. Rf1 Bf7 21. Nxf5 Bxc4 22. Re1+ Kd7 23. Bg3 Re8 24. Rd1+ Ke6 25. Re1+ Kf7 26. Ra1 Kf6 27. Nd6 Re2 28. Nxc4 Rxc2 29. b3 Ke6 30. Re1+ Kd5 31. Ne3+ Bxe3 32. fxe3 Rxa2 33. e4+ Ke6 34. e5 Ra3 35. Re3 a5 36. Rd3 Ra1+ 37. Kh2 Ra3 38. Rd6+ Kf5 39. e6 Rxb3 40. e7 Re3 41. Bh4 a4 42. Rd8 a3 43. e8Q Rxe8 44. Rxe8 b5 45. Ra8 b4 46. Be1 b3 47. Rxa3 b2 48. Rb3 1-0

[Event "GER-chT U10"]
[White "Runds, Emily Sophie"]
[Black "Iyengar, Sriram"]
[Site "Magdeburg"]
[Round "6.3"]
[Result "1-0"]
[Date "2015.12.29"]
[WhiteElo "976"]
[BlackElo "947"]
[PlyCount "26"]
[EventDate "2015.12.27"]
[EventType "team-swiss"]
[EventRounds "7"]
[EventCountry "GER"]
[SourceTitle "EXT 2017"]
[Source "ChessBase"]
[SourceDate "2016.10.25"]
[SourceVersion "1"]
[SourceVersionDate "2016.10.25"]
[SourceQuality "1"]
[WhiteTeam "Erfurt Empor II"]
[BlackTeam "Biberach"]
[WhiteTeamCountry "GER"]
[BlackTeamCountry "GER"]

1. e4 e5 2. Nf3 Nc6 3. d4 d6 4. d5 Nd4 5. Nxd4 Nf6 6. Nf3 Bg4 7. Nc3 Be7 8. Be2 0-0 9. Be3 c5 10. 0-0 b6 11. Nh4 Qd7 12. Bxg4 Nxg4 13. Qxg4 g6 1-0

[Event "GER-chT U10"]
[White "Deniz, Kevin"]
[Black "Iyengar, Sriram"]
[Site "Magdeburg"]
[Round "1.3"]
[Result "1-0"]
[Date "2015.12.27"]
[WhiteElo "1050"]
[BlackElo "947"]
[PlyCount "58"]
[EventDate "2015.12.27"]
[EventType "team-swiss"]
[EventRounds "7"]
[EventCountry "GER"]
[SourceTitle "EXT 2017"]
[Source "ChessBase"]
[SourceDate "2016.10.25"]
[SourceVersion "1"]
[SourceVersionDate "2016.10.25"]
[SourceQuality "1"]
[WhiteTeam "Werther"]
[BlackTeam "Biberach"]
[WhiteTeamCountry "GER"]
[BlackTeamCountry "GER"]

1. e4 e5 2. Bc4 Nc6 3. Nf3 Nf6 4. Ng5 d5 5. Bb3 Be6 6. d3 Bb4+ 7. Bd2 Bc5 8. Nc3 0-0 9. Nf3 d4 10. Ne2 Qd7 11. Ng3 Rfe8 12. 0-0 Re7 13. Bg5 Bxb3 14. axb3 Qe6 15. c3 Ree8 16. b4 Bb6 17. b5 Ne7 18. Bxf6 Qxf6 19. Ne2 Ng6 20. Qa4 Re6 21. cxd4 exd4 22. Nexd4 Bxd4 23. Nxd4 Rd6 24. Nf3 Rxd3 25. Qc2 Rad8 26. Rxa7 Qb6 27. Qa4 h6 28. Ra5 c6 29. bxc6 bxc6 1-0